000
00215nam a2200097Ia 4500
005
20251222114409.0
008
251222s1900||||xx |||||||||||||| ||spa||
082
_a
DVD0080/L49/1951
245
0
_a
Quo Vadis:
942
_c
DVD
999
_c
1961
_d
1961